[Event "Asian-ch Seniors zt 50 3.1"]
[Site "Chess.com INT"]
[Date "2020.07.13"]
[Round "4.9"]
[White "Al Balushi, Abdulkareem Murad"]
[Black "Sarmad, L Ismael"]
[Result "0-1"]
[WhiteElo "1477"]
[BlackElo "1948"]
[PlyCount "160"]
[EventDate "2020.07.13"]
[EventType "swiss"]
[EventRounds "7"]
[EventCountry "JOR"]
[SourceTitle "EXT 2024"]
[Source "ChessBase"]
[SourceDate "2023.10.10"]
[SourceVersion "1"]
[SourceVersionDate "2023.10.10"]
[SourceQuality "1"]

1. Nf3 e6 2. e3 d5 3. c4 c6 4. b3 Nf6 5. Bb2 Nbd7 6. Qc2 Be7 7. Be2 0-0 8. 0-0 Re8 9. d3 Bf8 10. Nbd2 e5 11. e4 d4 12. a3 a5 13. Rfe1 Qe7 14. Nf1 c5 15. Bc1 h6 16. Bd2 b6 17. h3 g6 18. N3h2 Bg7 19. Qc1 Kh7 20. Rb1 Nf8 21. Ng3 Bd7 22. a4 Ng8 23. f4 exf4 24. Bxf4 Ne6 25. Bd2 Be5 26. Ngf1 Ng5 27. Nf3 Nxf3+ 28. Bxf3 Qh4 29. Re2 Bc6 30. Qe1 Qxe1 31. Rexe1 Re7 32. Nh2 h5 33. Bg5 f6 34. Bd2 Rae8 35. Rf1 Nh6 36. g4 hxg4 37. hxg4 g5 38. Kg2 Kg6 39. Rh1 Rh7 40. Nf1 Reh8 41. Ng3 Bxg3 42. Kxg3 Nf7 43. Rxh7 Rxh7 44. Rh1 Rxh1 45. Bxh1 Ne5 46. Bf3 Nxd3 47. Bg2 Ne5 48. Bf3 Bd7 49. Be2 Bc6 50. Bf3 Kh6 51. Kg2 Ng6 52. Kg3 Nh4 53. Bh1 Kg6 54. Bc1 Kf7 55. Bf3 Ke6 56. Bd2 Ke5 57. Be1 Nxf3 58. Kxf3 Bxe4+ 59. Kg3 Bc2 60. Bd2 Bxb3 61. Kf3 Bxc4 62. Be1 Bd5+ 63. Ke2 Bb3 64. Kf3 Bxa4 65. Bg3+ Ke6 66. Ke4 Bc6+ 67. Kd3 Kd5 68. Bc7 b5 69. Bxa5 c4+ 70. Kd2 Bd7 71. Bd8 Bxg4 72. Bxf6 c3+ 73. Kc1 b4 74. Bxg5 Kc4 75. Bf4 d3 76. Kb1 d2 77. Kc2 b3+ 78. Kb1 d1Q+ 79. Bc1 Bf5+ 80. Ka1 Qxc1# 0-1